| 000 | 00388nam a2200157Ia 4500 | ||
|---|---|---|---|
| 100 | _aDavies/Joseph | ||
| 650 | _aNetworking | ||
| 942 | _cBK | ||
| 366 | _f25 | ||
| 654 | _awindows 2008 | ||
| 245 | _aWindows server 2008 Networking and network access protection(NAP) | ||
| 260 |
_bPrentice Hall of India _c2008 |
||
| 082 |
_a4.6 _bDAV |
||
| 300 | _a816 | ||
| 546 |
_aENGLISH _cPAMPHALETS |
||
| 999 |
_c27408 _d27408 |
||